Graph theory with applications to engineering and computer science. / (Record no. 345)
[ view plain ]
| 000 -LEADER | |
|---|---|
| fixed length control field | 00856pam a2200289 4500 |
| 001 - CONTROL NUMBER | |
| control field | 345 |
| 003 - CONTROL NUMBER IDENTIFIER | |
| rucl marc code | BD-RjUL |
| 005 - DATE AND TIME OF LATEST TRANSACTION | |
| control field | 20211208233149.0 |
| 008 - FIXED-LENGTH DATA ELEMENTS--GENERAL INFORMATION | |
| fixed length control field | 131112r19971974ii a b 001 0 eng d |
| 020 ## - INTERNATIONAL STANDARD BOOK NUMBER | |
| International Standard Book Number | 0133634736 |
| International Standard Book Number | 8120301455 |
| 035 ## - SYSTEM CONTROL NUMBER | |
| System control number | (BD-RjUL)362 |
| 040 ## - CATALOGING SOURCE | |
| Original cataloging agency | DLC |
| Transcribing agency | DLC |
| Modifying agency | DLC |
| Language of cataloging | eng |
| 041 ## - LANGUAGE CODE | |
| Language code of text/sound track or separate title | eng |
| 082 00 - DEWEY DECIMAL CLASSIFICATION NUMBER | |
| Classification number | 511.5 |
| Edition number | 21 |
| Author mark and year | DEG 1997 |
| 100 1# - MAIN ENTRY--PERSONAL NAME | |
| Personal name | Deo, Narsingh, |
| Dates associated with a name | 1936- |
| 9 (RLIN) | 810 |
| 245 10 - TITLE STATEMENT | |
| Title | Graph theory with applications to engineering and computer science. / |
| Statement of responsibility, etc. | Narsingh Deo |
| 260 ## - PUBLICATION, DISTRIBUTION, ETC. (IMPRINT) | |
| Place of publication, distribution, etc. | Englewood Cliffs, N.J., |
| Name of publisher, distributor, etc. | Prentice-Hall |
| Date of publication, distribution, etc. | c1974 [reprinted 1997]. |
| 300 ## - PHYSICAL DESCRIPTION | |
| Pagination | xvii, 478 p. : |
| Illustrations | illus.; |
| Size | 24 cm. |
| 350 ## - PRICE (NR) (BK AM CF MU VM SE) [OBSOLETE] | |
| Price | $17.95 |
| 490 0# - SERIES STATEMENT | |
| Series statement | Prentice-Hall series in automatic computation |
| 504 ## - BIBLIOGRAPHY, ETC. NOTE | |
| Bibliography, etc | Includes bibliographies. |
| 650 #0 - SUBJECT ADDED ENTRY--TOPICAL TERM | |
| Topical term or geographic name as entry element | Graph theory. |
| 9 (RLIN) | 1101 |
| 942 ## - ADDED ENTRY ELEMENTS (KOHA) | |
| Source of classification or shelving scheme | Dewey Decimal Classification |
| Koha item type | Books |
| Lost status | Source of classification or shelving scheme | Damaged status | Not for loan | Collection code | Permanent Location | Current Location | Shelving location | Date acquired | Source of acquisition | Cost, normal purchase price | Total Checkouts | Full call number | Date last seen | Date checked out | Copy number | Koha item type |
|---|---|---|---|---|---|---|---|---|---|---|---|---|---|---|---|---|
| Dewey Decimal Classification | Non-fiction | Central Library, University of Rajshahi | Central Library, University of Rajshahi | 22/03/1998 | Ahsahia Mission Book Distribution. | 123.50 | 1 | 511.5 DEG 1997 | 19/06/2016 | 01/06/2016 | C-3 | Books | ||||
| Dewey Decimal Classification | Not For Loan | Non-fiction | Central Library, University of Rajshahi | Central Library, University of Rajshahi | Reading Room | 22/03/1998 | Paragon Enterprises Dhaka | 123.50 | 511.5 DEG 1997 | 13/03/2017 | C-1 | Books |